000
00298nam a22001337a 4500
008
181006b xxu||||| |||| 00| 0 eng d
020
_a
9780632043965
041
_a
eng
080
_a
573
100
_a
11
101
_a
BIO
245
_a
Cells, Embryos and Evolution
_c
Gerhart, J
942
_2
udc
_c
BK
999
_c
48942
_d
48942